ESTADISTICA PARA ADMINISTRACION Y ECONOMIA (Registro nro. 224679)
[ vista simple ]
| 000 -LEADER | |
|---|---|
| campo de control de longitud fija | 00804nam a2200301Ia 4500 |
| 005 - FECHA Y HORA DE LA ÚLTIMA TRANSACCIÓN | |
| campo de control | 20250425162220.0 |
| 008 - DATOS DE LONGITUD FIJA--INFORMACIÓN GENERAL | |
| campo de control de longitud fija | 250425s9999 xx 000 0 und d |
| 020 ## - NÚMERO INTERNACIONAL ESTÁNDAR DEL LIBRO | |
| Número Internacional Estándar del Libro | 9706862781 |
| 041 ## - CÓDIGO DE IDIOMA | |
| Código de lengua del texto/banda sonora o título independiente | spa |
| 043 ## - CÓDIGO DE ÁREA GEOGRÁFICA | |
| Código de área geográfica | mx |
| 082 ## - NÚMERO DE LA CLASIFICACIÓN DECIMAL DEWEY | |
| Número de clasificación | 519.5 |
| 010 ## - NÚMERO DE CONTROL DE LA BIBLIOTECA DEL CONGRESO | |
| Número de control de LC | 57240 |
| 100 ## - ENTRADA PRINCIPAL--NOMBRE DE PERSONA | |
| Nombre de persona | ANDERSON, DAVID R. |
| 245 #0 - MENCIÓN DEL TÍTULO | |
| Título | ESTADISTICA PARA ADMINISTRACION Y ECONOMIA |
| 250 ## - MENCION DE EDICION | |
| Mención de edición | 8A ED. |
| 260 ## - PUBLICACIÓN, DISTRIBUCIÓN, ETC. | |
| Lugar de publicación, distribución, etc. | MEXICO |
| 260 ## - PUBLICACIÓN, DISTRIBUCIÓN, ETC. | |
| Lugar de publicación, distribución, etc. | México |
| Nombre del editor, distribuidor, etc. | THOMSON |
| Fecha de publicación, distribución, etc. | 2004 |
| 300 ## - DESCRIPCIÓN FÍSICA | |
| Extensión | 884 |
| 500 ## - NOTA GENERAL | |
| Nota general | Título Traducido: STATISTICS FOR BUSINESS AND ECONOMICS |
| 650 ## - PUNTO DE ACCESO ADICIONAL DE MATERIA--TÉRMINO DE MATERIA | |
| Término de materia o nombre geográfico como elemento de entrada | ADMINISTRACION |
| 650 ## - PUNTO DE ACCESO ADICIONAL DE MATERIA--TÉRMINO DE MATERIA | |
| Término de materia o nombre geográfico como elemento de entrada | ESTADISTICA DESCRIPTIVA |
| 650 ## - PUNTO DE ACCESO ADICIONAL DE MATERIA--TÉRMINO DE MATERIA | |
| Término de materia o nombre geográfico como elemento de entrada | ESTADISTICAS ECONOMICAS |
| 650 ## - PUNTO DE ACCESO ADICIONAL DE MATERIA--TÉRMINO DE MATERIA | |
| Término de materia o nombre geográfico como elemento de entrada | PROBABILIDAD |
| 700 ## - ENTRADA AGREGADA--NOMBRE PERSONAL | |
| Nombre de persona | FRANCISCO SANCHEZ FRAGOSO |
| Término indicativo de función/relación | traductor |
| 700 ## - ENTRADA AGREGADA--NOMBRE PERSONAL | |
| Nombre de persona | SWEENEY, DENNIS J. |
| 700 ## - ENTRADA AGREGADA--NOMBRE PERSONAL | |
| Nombre de persona | WILLIAMS, THOMAS A. |
| 942 ## - ELEMENTOS DE ENTRADA SECUNDARIOS (KOHA) | |
| Tipo de ítem Koha | Libros |
| Estatus retirado | Estado de pérdida | Estado de daño | No para préstamo | Biblioteca de origen | Biblioteca actual | Ubicación en estantería | Fecha de adquisición | Coste, precio normal de compra | Etiqueta RFID | Total de préstamos | Código de barras | Copia número | Tipo de ítem Koha | Nota pública |
|---|---|---|---|---|---|---|---|---|---|---|---|---|---|---|
| CENTRO DE INFORMACIÓN BIBLIOTECARIA | CENTRO DE INFORMACIÓN BIBLIOTECARIA | 16/05/2014 | 30.00 | 0000000000000000008650 | D-96054 | 1 | Libros | |||||||
| CENTRO DE INFORMACIÓN BIBLIOTECARIA | CENTRO DE INFORMACIÓN BIBLIOTECARIA | 08/04/2014 | 30.00 | 0000000000000000008649 | D-96055 | 2 | Libros | |||||||
| ESCUELA DE NEGOCIOS | ESCUELA DE NEGOCIOS | 04/05/2006 | 33.00 | CP-12580 | 5 | COMPRA | ||||||||
| ESCUELA DE NEGOCIOS | ESCUELA DE NEGOCIOS | 04/05/2006 | 33.00 | CP-12581 | 6 | COMPRA | ||||||||
| ESCUELA DE NEGOCIOS | ESCUELA DE NEGOCIOS | 04/05/2006 | 33.00 | CP-12582 | 7 | COMPRA | ||||||||
| ESCUELA DE NEGOCIOS | ESCUELA DE NEGOCIOS | 01/03/2006 | 34.00 | CP-12530 | 3 | COMPRA | ||||||||
| ESCUELA DE NEGOCIOS | ESCUELA DE NEGOCIOS | 04/05/2006 | 34.00 | CP-12579 | 4 | COMPRA |